000 00361nam a2200109 4500
999 _c14022
_d14022
008 190730b ||||| |||| 00| 0 eng d
245 _aOver 500 patients benefit from nickel Asia's 20th annual medical-surgical mission.
260 _aPhilippines:
_bPhilippine Daily Inquirer;
_cc2019.
300 _apage B3.
650 0 _939005
_aPublic welfare.
942 _2ddc
_cPER